<?xml version="1.0" encoding="UTF-8"?>
<record
    xmlns:xsi="http://www.w3.org/2001/XMLSchema-instance"
    xsi:schemaLocation="http://www.loc.gov/MARC21/slim http://www.loc.gov/standards/marcxml/schema/MARC21slim.xsd"
    xmlns="http://www.loc.gov/MARC21/slim">

  <leader>00389nam a22001577a 4500</leader>
  <controlfield tag="005">20160903170131.0</controlfield>
  <controlfield tag="008">160903b        xxu||||| |||| 00| 0 eng d</controlfield>
  <datafield tag="020" ind1=" " ind2=" ">
    <subfield code="a">978-93-85000-82-9</subfield>
  </datafield>
  <datafield tag="041" ind1=" " ind2=" ">
    <subfield code="a">eng</subfield>
  </datafield>
  <datafield tag="100" ind1=" " ind2=" ">
    <subfield code="a">BANERJEE,SUDERSHAN AND OTHERS </subfield>
    <subfield code="9">3479</subfield>
  </datafield>
  <datafield tag="245" ind1=" " ind2=" ">
    <subfield code="a">EFFECTIVE BUSINESS COMMUNICATION</subfield>
  </datafield>
  <datafield tag="260" ind1=" " ind2=" ">
    <subfield code="b">CEGR</subfield>
    <subfield code="c">2016</subfield>
  </datafield>
  <datafield tag="300" ind1=" " ind2=" ">
    <subfield code="a">685</subfield>
  </datafield>
  <datafield tag="650" ind1=" " ind2=" ">
    <subfield code="a">MANAGEMENT</subfield>
    <subfield code="9">241</subfield>
  </datafield>
  <datafield tag="942" ind1=" " ind2=" ">
    <subfield code="c">BK</subfield>
  </datafield>
  <datafield tag="999" ind1=" " ind2=" ">
    <subfield code="c">5184</subfield>
    <subfield code="d">5182</subfield>
  </datafield>
  <datafield tag="952" ind1=" " ind2=" ">
    <subfield code="0">0</subfield>
    <subfield code="1">0</subfield>
    <subfield code="4">0</subfield>
    <subfield code="7">0</subfield>
    <subfield code="8">REF</subfield>
    <subfield code="a">JRU</subfield>
    <subfield code="b">MAIN</subfield>
    <subfield code="c">SHELF-29-B</subfield>
    <subfield code="d">2016-09-03</subfield>
    <subfield code="e">PURCHASE</subfield>
    <subfield code="g">685.00</subfield>
    <subfield code="l">0</subfield>
    <subfield code="p">20992</subfield>
    <subfield code="r">2016-10-27 00:00:00</subfield>
    <subfield code="t">5</subfield>
    <subfield code="w">2016-09-03</subfield>
    <subfield code="y">BK</subfield>
  </datafield>
  <datafield tag="952" ind1=" " ind2=" ">
    <subfield code="0">0</subfield>
    <subfield code="1">0</subfield>
    <subfield code="4">0</subfield>
    <subfield code="7">0</subfield>
    <subfield code="8">MANAGEMENT</subfield>
    <subfield code="a">JRU</subfield>
    <subfield code="b">JRU</subfield>
    <subfield code="c">SHELF-62 -M</subfield>
    <subfield code="d">2016-09-03</subfield>
    <subfield code="e">PURCHASE</subfield>
    <subfield code="g">685.00</subfield>
    <subfield code="l">2</subfield>
    <subfield code="p">20993</subfield>
    <subfield code="r">2019-12-18 00:00:00</subfield>
    <subfield code="s">2019-12-11</subfield>
    <subfield code="w">2016-09-03</subfield>
    <subfield code="y">BK</subfield>
  </datafield>
  <datafield tag="952" ind1=" " ind2=" ">
    <subfield code="0">0</subfield>
    <subfield code="1">0</subfield>
    <subfield code="4">0</subfield>
    <subfield code="7">0</subfield>
    <subfield code="8">MANAGEMENT</subfield>
    <subfield code="a">JRU</subfield>
    <subfield code="b">JRU</subfield>
    <subfield code="c">SHELF-62 -M</subfield>
    <subfield code="d">2016-09-03</subfield>
    <subfield code="e">PURCHASE</subfield>
    <subfield code="g">685.00</subfield>
    <subfield code="l">1</subfield>
    <subfield code="m">1</subfield>
    <subfield code="p">20994</subfield>
    <subfield code="r">2025-02-12 16:03:52</subfield>
    <subfield code="s">2025-01-22</subfield>
    <subfield code="t">5</subfield>
    <subfield code="w">2016-09-03</subfield>
    <subfield code="y">BK</subfield>
  </datafield>
  <datafield tag="952" ind1=" " ind2=" ">
    <subfield code="0">0</subfield>
    <subfield code="1">0</subfield>
    <subfield code="4">0</subfield>
    <subfield code="7">0</subfield>
    <subfield code="a">JRU</subfield>
    <subfield code="d">2016-09-03</subfield>
    <subfield code="e">PURCHASE</subfield>
    <subfield code="g">685.00</subfield>
    <subfield code="l">2</subfield>
    <subfield code="m">1</subfield>
    <subfield code="p">20995</subfield>
    <subfield code="q">2020-02-29</subfield>
    <subfield code="r">2019-12-01 00:00:00</subfield>
    <subfield code="s">2019-12-01</subfield>
    <subfield code="t">5</subfield>
    <subfield code="w">2016-09-03</subfield>
    <subfield code="y">BK</subfield>
  </datafield>
  <datafield tag="952" ind1=" " ind2=" ">
    <subfield code="0">0</subfield>
    <subfield code="1">0</subfield>
    <subfield code="4">0</subfield>
    <subfield code="7">0</subfield>
    <subfield code="8">LIFE SKILL</subfield>
    <subfield code="a">JRU</subfield>
    <subfield code="b">JRU</subfield>
    <subfield code="c">SHELF-46-E</subfield>
    <subfield code="d">2016-09-03</subfield>
    <subfield code="e">PURCHASE</subfield>
    <subfield code="g">685.00</subfield>
    <subfield code="l">2</subfield>
    <subfield code="m">1</subfield>
    <subfield code="p">20996</subfield>
    <subfield code="r">2022-05-06 00:00:00</subfield>
    <subfield code="s">2022-03-31</subfield>
    <subfield code="w">2016-09-03</subfield>
    <subfield code="y">BK</subfield>
  </datafield>
</record>
